000 00738nam a2200217Ii 4500
003 JO-AjNU
008 230605s9999||||xx |||||||||||||| ||und||
017 _a1996/13803
020 _a977-01-5043-6
040 _aJO-AjNU
_bara
_erda
_cJO-AjNU
041 _aara
050 1 4 _aPN4784.B75.S93 1997
100 3 _aتأليف جاد، سهير,
_eauthor
_97376
245 0 0 _aالبرامج الثقافية والإعلام الإذاعي
264 3 1 _aالقاهرة: الهيئة المصرية العامة للكتاب، 1997
300 _a250ص
336 _atext
_btxt
_2rdacontent
337 _aunmediated
_bn
_2rdamedia
338 _avolume
_bnc
_2rdacarrier
650 4 _aالإعلام الإذاعي - برامج ثقافية
_97377
999 _aA248
_c3816
_d3816